000 00274nam a22001217a 4500
003 SGT
082 _a823.92
_bLAR
100 _aLARSSON STIEG
245 _aTHE GIRL WHO KICKED THE HORNETS NEST
260 _aLONDON
_bMACLEHOSE PUB
_c2009
300 _a745
942 _2ddc
_cBK
999 _c33607
_d33607